Latin America's turbulent transitions : (Record no. 115102)

MARC details
000 -LEADER
campo de control de longitud fija 02603cam a22003013 4500
001 - NÚMERO DE CONTROL
campo de control FRBNF435421250000001
003 - IDENTIFICADOR DE NÚMERO DE CONTROL
campo de control http://catalogue.bnf.fr/ark:/12148/cb43542125p
005 - FECHA Y HORA DE LA ÚLTIMA TRANSACCIÓN
campo de control 20231019144529.0
007 - CAMPO FIJO DE DESCRIPCIÓN FÍSICA--INFORMACIÓN GENERAL
campo de control de longitud fija ta
008 - DATOS DE LONGITUD FIJA--INFORMACIÓN GENERAL
campo de control de longitud fija 250321s2013 enk||||| |||| 00| 0 eng d
010 ## - NÚMERO DE CONTROL DE LA BIBLIOTECA DEL CONGRESO
Número de control de LC 9781848135680
Número de control de NUCMC hb
-- Zed Books
020 ## - NÚMERO INTERNACIONAL ESTÁNDAR DEL LIBRO
Número Internacional Estándar del Libro 9781848135673
035 ## - NÚMERO DE CONTROL DEL SISTEMA
Número de control de sistema OCoLC826453486
040 ## - FUENTE DE CATALOGACIÓN
Centro catalogador/agencia de origen spa
Centro/agencia transcriptor BJBSDDR
Lengua de catalogación spa
041 ## - CÓDIGO DE IDIOMA
Código de lengua del texto/banda sonora o título independiente eng
050 14 - SIGNATURA TOPOGRÁFICA DE LA BIBLIOTECA DEL CONGRESO
Número de ítem HF 1385
Número de clasificación B946l 2013
100 1# - ENTRADA PRINCIPAL--NOMBRE DE PERSONA
Nombre de persona Burbach, Roger,
9 (RLIN) 15425
Fechas asociadas al nombre 1944-
245 1# - MENCIÓN DEL TÍTULO
Título Latin America's turbulent transitions :
Resto del título the future of twenty-first century socialism /
Mención de responsabilidad, etc. Roger Burbach; Michael Fox, (Journalist); Federico Fuentes.
260 ## - PUBLICACIÓN, DISTRIBUCIÓN, ETC.
Lugar de publicación, distribución, etc. London ; New York :
Nombre del editor, distribuidor, etc. Zed Books,
Fecha de publicación, distribución, etc. 2013.
300 ## - DESCRIPCIÓN FÍSICA
Extensión 208 p.:
Otras características físicas ill.;
Dimensiones 22 cm
505 ## - NOTA DE CONTENIDO CON FORMATO
Nota de contenido con formato Introduction: turbulent transitions and the specter of socialism --<br/>Globalization, neoliberalism, and the rise of the social movements --<br/>The pink tide and the challenge to US hegemony --<br/>Between neo-extractivism and twenty-first-century socialism --<br/>Venezuela's twenty-first-century socialism --<br/>Bolivia's communitarian socialism --<br/>Ecuador's buen vivir socialism (by March Becker) --<br/>Brazil: between challenging hegemony and embracing it --<br/>Cuba: 'updating' twentieth-century socialism? --<br/>Conclusion: socialism and the long Latin American spring.
520 ## - RESUMEN, ETC.
Sumario, etc. "Over the past few years, something remarkable has occurred in Latin America. For the first time since the Sandinista Revolution in Nicaragua in the 1980s, people within the region have turned toward radical left governments - specifically in Venezuela, Bolivia, and Ecuador. Why has this profound shift taken place and how does this new, so-called Twenty-First-Century Socialism actually manifest itself? What are we to make of the often fraught relationship between the social movements and governments in these countries and do, in fact, the latter even qualify as 'socialist' in reality? These are the bold and critical questions that Latin America's Turbulent Transitions explores. The authors provocatively argue that although US hegemony in the region is on the wane, the traditional socialist project is also declining and something new is emerging. Going beyond simple conceptions of 'the left', the book reveals the true underpinnings of this powerful, transformative, and yet also complicated and contradictory process."--Publisher's website.
650 #4 - PUNTO DE ACCESO ADICIONAL DE MATERIA--TÉRMINO DE MATERIA
9 (RLIN) 6711
Término de materia o nombre geográfico como elemento de entrada Socialismo
Subdivisión geográfica América Latina
Subdivisión general Historia
700 1# - ENTRADA AGREGADA--NOMBRE PERSONAL
Nombre de persona Fox, Michael,
9 (RLIN) 15426
Fechas asociadas al nombre 1961-
700 1# - ENTRADA AGREGADA--NOMBRE PERSONAL
Nombre de persona Fuentes, Federico.
9 (RLIN) 15428
930 ## - EQUIVALENCIA O REFERENCIA CRUZADA-ENCABEZAMIENTO DE TÍTULO UNIFORME [LOCAL, CANADÁ]
Título uniforme 2013-340322
Fecha de la firma de un tratado O
942 ## - ELEMENTOS DE ENTRADA SECUNDARIOS (KOHA)
Fuente del sistema de clasificación o colocación Clasificación de Library of Congress
Tipo de ítem Koha Libro
Holdings
Estatus retirado Estado de pérdida Fuente del sistema de clasificación o colocación Estado de daño No para préstamo Colección Biblioteca de origen Biblioteca actual Ubicación en estantería Fecha de adquisición Signatura topográfica completa Código de barras Visto por última vez Copia número Tipo de ítem Koha
    Clasificación de Library of Congress     Ciencias Sociales Biblioteca Juan Bosch Biblioteca Juan Bosch Ciencias Sociales (3er. Piso) 25/03/2021 HF 1385 B946l 2013 00000144002 25/03/2021 1 Libro